00423nam a22001577a 450000500170000000800410001702000140005804100230007208200160009510000230011124500260013425000190016026000350017930000250021465000260023920240830124152.0240830b |||||||| |||| 00| 0 eng d a062003755 aEnglish/Afrikaans  a340.03 MAR  lEnglish/Afrikaans  aJuridical Dictionary  aFirst Edition  aJohannesburg: bHennop, c1980 b415 pages; c21 cm.  aLegal practice bLaw